Aluminium-rolling : (Record no. 60760)

MARC details
000 -LEADER
fixed length control field 01117nam a22002777a 4500
005 - DATE AND TIME OF LATEST TRANSACTION
control field 2012011206306.0
008 - FIXED-LENGTH DATA ELEMENTS--GENERAL INFORMATION
fixed length control field 120112t xxu||||| |||| 00| 0 eng d
010 ## - LCCN (DPL NO)
LC control number ENG-104695
020 ## - INTERNATIONAL STANDARD BOOK NUMBER
International Standard Book Number 9780070704442
Terms of availability 1099.00
020 ## - INTERNATIONAL STANDARD BOOK NUMBER
International Standard Book Number 0070704449
Terms of availability 1099.00
035 ## - SYSTEM CONTROL NUMBER
System control number EN-88228
037 ## - SOURCE OF ACQUISITION
Source of stock number/acquisition DBAD/PUB
040 ## - CATALOGING SOURCE
Original cataloging agency DPL
Language of cataloging Eng
082 00 - DEWEY DECIMAL CLASSIFICATION NUMBER
Classification number 673.72232
100 1# - MAIN ENTRY--PERSONAL NAME
Personal name Singh, R.V.
9 (RLIN) 39009
245 10 - TITLE STATEMENT
Title Aluminium-rolling :
Remainder of title process, principles & applications /
Statement of responsibility, etc by R.V. Singh
260 ## - PUBLICATION, DISTRIBUTION, ETC. (IMPRINT)
Date of publication, distribution, etc 2011
Place of publication, distribution, etc New Delhi
Name of publisher, distributor, etc Tata McGraw Hill
270 ## - ADDRESS
Address 7 West Patel Nagar
City New Delhi
Postal code 110001
300 ## - PHYSICAL DESCRIPTION
Extent xxiii,486p. :
Other physical details ill
Dimensions 24cm(Hb)
500 ## - GENERAL NOTE
General note Includes bibliographical references and index.
650 ## - SUBJECT ADDED ENTRY--TOPICAL TERM
Topical term or geographic name as entry element Aluminum
9 (RLIN) 39013
650 ## - SUBJECT ADDED ENTRY--TOPICAL TERM
Topical term or geographic name as entry element Rolling (Metal-work)
9 (RLIN) 39014
942 ## - ADDED ENTRY ELEMENTS (KOHA)
Source of classification or shelving scheme Dewey Decimal Classification
Item type English Books
Classification part 673.72232
Call number suffix SIN
Holdings
Withdrawn status Lost status Source of classification or shelving scheme Damaged status Not for loan Collection code Home library Current library Date acquired Source of acquisition Cost, normal purchase price Total Checkouts Full call number Barcode Date last seen Copy number Cost, replacement price Koha item type
    Dewey Decimal Classification   Not For Loan Non-fiction D.B.Act.Division D.B.Act.Division 12/01/2012 DBAD/PUB 1099.00   673.72232 SIN EN-88228 12/01/2012 1 1099.00 English Books

© Delhi Public Library
Hit Counter
free hit counter